Omelie sui Giudici : (Record n. 357818)

Dettagli MARC
000 -LEADER
fixed length control field 01841nam a2200421 a 4500
001 - CONTROL NUMBER
control field 000000407696
003 - CONTROL NUMBER IDENTIFIER
control field IT-MiSPE
005 - DATE AND TIME OF LATEST TRANSACTION
control field 20180505174530.0
008 - FIXED-LENGTH DATA ELEMENTS--GENERAL INFORMATION
fixed length control field 130513s2010 it 001 u ita d
020 ## - INTERNATIONAL STANDARD BOOK NUMBER
International Standard Book Number 9788870946390
040 ## - CATALOGING SOURCE
Original cataloging agency IT-MiSPE
Language of cataloging ita
Modifying agency mv
Transcribing agency IT-MiSPE
041 1# - LANGUAGE CODE
Language code of text/sound track or separate title ita
-- lat
082 ## - DEWEY DECIMAL CLASSIFICATION NUMBER
Classification number 270.008-SCh.it ORI om (23110)
100 0# - MAIN ENTRY--PERSONAL NAME
Personal name Origenes,
Dates associated with a name 184-253.
9 (RLIN) 56919
240 10 - UNIFORM TITLE
Uniform title In librum Iudicum homiliae IX.
Version Versioni.
Language of a work Latino
245 10 - TITLE STATEMENT
Title Omelie sui Giudici :
Remainder of title testo della versione latina di Rufino /
Statement of responsibility, etc. Origene ; introduzione, note e indice di Pierre Messié, Louis Neyrand, Marcel Borret ; traduzione italiana e aggiornamento di Riccardo Pane.
260 ## - PUBLICATION, DISTRIBUTION, ETC. (IMPRINT)
Place of publication, distribution, etc. Bologna :
Name of publisher, distributor, etc. Edizioni San Clemente :
-- Edizioni Studio domenicano,
Date of publication, distribution, etc. 2010.
300 ## - PHYSICAL DESCRIPTION
Extent 253 p. ;
Dimensions 20 cm
490 1# - SERIES STATEMENT
Series statement Sources chrétiennes.
-- Edizione italiana ;
Volume/sequential designation 009
500 ## - GENERAL NOTE
General note Tit. orig.: Homélies sur les Juges
504 ## - BIBLIOGRAPHY, ETC. NOTE
Bibliography, etc Bibliografia (p. 51-53) e indici
546 ## - LANGUAGE NOTE
Language note Traduzione italiana con testo latino a fronte
630 04 - SUBJECT ADDED ENTRY--UNIFORM TITLE
Uniform title Biblia.
Name of part/section of a work V.T.
-- Iudicum
General subdivision Omiletica latino.
9 (RLIN) 56920
655 #7 - INDEX TERM--GENRE/FORM
Genre/form data or focus term Patrologia greca
General subdivision Origenes, 184-253.
Source of term local
9 (RLIN) 56921
655 #7 - INDEX TERM--GENRE/FORM
Genre/form data or focus term Sacra Scrittura. Studi sul Vecchio Testamento
General subdivision Pentateuco - Libri storici.
Source of term local
9 (RLIN) 56802
700 0# - ADDED ENTRY--PERSONAL NAME
Personal name Rufinus Tyrannius,
Dates associated with a name ca.345-410.
9 (RLIN) 56922
700 1# - ADDED ENTRY--PERSONAL NAME
Personal name Messié, Pierre,
Titles and other words associated with a name s.j.,
Relator term ed.
9 (RLIN) 56923
700 1# - ADDED ENTRY--PERSONAL NAME
Personal name Neyrand, Louis,
Titles and other words associated with a name s.j.,
Dates associated with a name 1915-2012,
Relator term ed.
9 (RLIN) 56924
700 1# - ADDED ENTRY--PERSONAL NAME
Personal name Borret, Marcel,
Titles and other words associated with a name s.j.,
Dates associated with a name 1919-1993,
Relator term ed.
9 (RLIN) 56925
700 1# - ADDED ENTRY--PERSONAL NAME
Personal name Pane, Riccardo,
Titles and other words associated with a name sac.,
Dates associated with a name 1972-,
Relator term tr.
9 (RLIN) 56926
730 02 - ADDED ENTRY--UNIFORM TITLE
Uniform title Homélies sur les Juges.
Language of a work Italiano.
9 (RLIN) 56927
830 #0 - SERIES ADDED ENTRY--UNIFORM TITLE
Uniform title Sources chrétiennes.
Name of part/section of a work Edizione italiana ;
Volume number/sequential designation 009.
9 (RLIN) 56928
942 ## - ADDED ENTRY ELEMENTS (KOHA)
Source of classification or shelving scheme Dewey Decimal Classification
Koha item type LIBRO
990 10 - EQUIVALENCES OR CROSS-REFERENCES [LOCAL, CANADA]
Link information for 9XX fields 90001a
Link information for field corresponding to 9XX field 70001ad
Dati di copia
Withdrawn status Lost status Source of classification or shelving scheme Damaged status Not for loan Home library Current library Date acquired Total Checkouts Full call number Barcode Date last seen Price effective from Koha item type
    Dewey Decimal Classification Buone Condizioni Not For Loan CINISELLO CINISELLO 05/05/2018   270.008-SCh.it ORI om (23110) 9788870946390 05/05/2018 05/05/2018 LIBRO
CREDITS: SOCIETA' SAN PAOLO Via A.Severo, 58 - ROMA (RM) & PERIODICI SAN PAOLO SRL Via Giotto, 36 MILANO & CISF Via Giotto, 36 MILANO & EDIZIONI SAN PAOLO SRL,  Piazza Soncino, 5 CINISELLO BALSAMO (MI) -- ITALY